000 00825nam a22002417a 4500
005 20100807100718.0
010 _aENG-98742
020 _a8185026939
_c2500.00
020 _a9788185026930
_c2500.00
035 _aEN-82274
037 _bDBAD/PUB
082 _a230.31
245 _aGoddess Durga :
_cedited by Pratpaditya Pal
_bthe power and the glory /
260 _aMumbai
_bMarg Publications,
_c2009
270 _aNCPA Marg, Nariman Point,
_bMumbai
_e400021
300 _a200p.:
_c31cm (Hb)
_bill
500 _aInludes index
650 _aIndus civilagation
_98265
650 _aIndus Script
_98266
700 _aPal, Pratpaditya
_98267
942 _2ddc
_cEN
_h230.31
_mGod
999 _c39972
_d39972